000 00547nmm a2200169Ia 4500
008 251105s9999||||xx |||||||||||||||||und||
020 _a9788437063935
041 _aspa
100 _aRodríguez López, Ana
245 0 _aEl lugar del campesino :
_b En torno a la obra de Reyna Pastor
264 _a[Madrid, España] :
_bPublicaciones de la Universidad de Valencia (PUV),
_c2007
300 _a424 páginas
490 _aHistoria
650 _aHistory of Europe: Spain
856 _uhttps://public.digitaliapublishing.com/a/35247
942 _cCF
999 _c82345
_d82345